000 00296nam a22001337a 4500
003 SGT
082 _a954.03
_bC89P
100 _aPAREKH, BHIKHU
245 _aCOLONIALISM, TRADITIONS & REFORMS
260 _bSAGE PUBLICATIONS
_c1989
300 _a288
650 _aINDIAN HISTORY
942 _2ddc
_cBK
999 _c27736
_d27736